Nông nghiệp, nông dân, nông thôn trong quá trình đẩy mạnh công nghiệp hóa hiện đại hóa ở nước ta

में बचाया:
ग्रंथसूची विवरण
मुख्य लेखक: Hoàng, Ngọc Hòa
स्वरूप: पुस्तक
भाषा:Undetermined
प्रकाशित: Hà Nội Chính trị Quốc gia 2008
विषय:
टैग : टैग जोड़ें
कोई टैग नहीं, इस रिकॉर्ड को टैग करने वाले पहले व्यक्ति बनें!
Thư viện lưu trữ: Trung tâm Học liệu Trường Đại học Cần Thơ
LEADER 00699nam a2200205Ia 4500
001 CTU_148329
008 210402s9999 xx 000 0 und d
020 |c 70000 
082 |a 338.1 
082 |b H401 
100 |a Hoàng, Ngọc Hòa 
245 0 |a Nông nghiệp, nông dân, nông thôn trong quá trình đẩy mạnh công nghiệp hóa hiện đại hóa ở nước ta 
245 0 |c Hoàng Ngọc Hòa 
260 |a Hà Nội 
260 |b Chính trị Quốc gia 
260 |c 2008 
650 |a Agriculture,Kinh tế nông nghiệp 
650 |x Economic aspects 
904 |i Nguyên 
980 |a Trung tâm Học liệu Trường Đại học Cần Thơ